ბათუმის შოთა რუსთაველის სახელმწიფო უნივერსიტეტის ბიბლიოთეკა

სამხრეთ-დასავლეთ საქართველოს ისტორიიდან : (ბიბ.ჩანაწერი № 42026)

000 -ლიდერი
ფიქსირებული სიგრძის საკონტროლო ველი 01516nam a2200265Ia 4500
001 - საკონტროლო ნომერი
საკონტროლო ველი 8716
003 - საკონტროლო ნომრის იდენტიფიკატორი
საკონტროლო ველი GE_BSU
005 - ბოლო ოპერაციის თარიღი და დრო
საკონტროლო ველი 20240531164046.0
008 - ფიქსირებული სიგრძის მონაცემთა ელემენტები - ზოგადი ინფორმაცია
ფიქსირებული სიგრძის საკონტროლო ველი 181216s1997||||ge |||||||||||||| ||geo||
040 ## - კატალოგიზაციის წყარო
Transcribing agency GE_BSU
041 ## - ენის კოდი
Language code of text/sound track or separate title geo
080 ## - უნივერსალური ათობითი კლასიფიკაციის ინდექსი
Universal Decimal Classification number 94(479.223) მ-58
100 ## - მთავარი ჩანაწერი - პიროვნების სახელი
Personal name მესხია, ერმილე
9 (RLIN) 1724
245 ## - ცნობა სათაურის შესახებ
Title სამხრეთ-დასავლეთ საქართველოს ისტორიიდან :
Remainder of title სამუსლიმანო საქართველოს განმათავისუფლებელი კომიტეტი / [რედ.: ლევან თოიძე]
Statement of responsibility, etc ერმილე მესხია ; [რედ. ლევან თოიძე].
264 ## - წარმოების, გამოცემის, დისტრიბუციის და სხვა ცნობები
გამოცემის, წარმოების, დისტრიბუციის... ადგილი ბათუმი :
გამოცემის, წარმოების, დისტრიბუციის... სახელწოდება გამ–ბა აჭარა,
გამოცემის, წარმოების, დისტრიბუციის... თარიღი 1997.
300 ## - ფიზიკური აღწერა
Extent 125 გვ. ;
Dimensions 20 სმ.
504 ## - BIBLIOGRAPHY, ETC. NOTE
Bibliography, etc ბიბლიოგრაფია : გვ. 110-118
520 ## - SUMMARY, ETC.
Summary, etc რეზიუმე რუსულ ენაზე
653 ## - INDEX TERM--UNCONTROLLED
Uncontrolled term სამხრეთ–დასავლეთ საქართველოს ისტორიიდან
653 ## - INDEX TERM--UNCONTROLLED
Uncontrolled term აჭარის ისტორია
653 ## - INDEX TERM--UNCONTROLLED
Uncontrolled term ეროვნულ-განმათავისუფლებელი მოძრაობა სამხრეთ-დასავლეთ საქართველოში
700 ## - ADDED ENTRY--PERSONAL NAME
Personal name თოიძე, ლევან
Relator term რედაქტორი
9 (RLIN) 1561
942 ## - ADDED ENTRY ELEMENTS (KOHA)
Koha item type წიგნი
Source of classification or shelving scheme
ეგზემპლარები
ჩამოწერის სტატუსი დაკარგული ეგზემპლარის სტატუსი კლასიფიკაციის წყარო ან თაროზე გაწყობის სქემა დაზიანების სტატუსი არ გაიცემა მუდმივი მდებარეობა (დაცვის ადგილი) ამჟამინდელი ადგილსამყოფელი თაროზე განთავსების ადგილი შეძენის თარიღი ღირებულება, შესყიდვის ნორმალური ფასი სრული შენახვის შიფრი შტრიხკოდი ბოლო ოპერაციის თარიღი ეგზემპლარის მიმდევრობითი ნომერი (კეტერი?) ფასის ძალაში შესვლის თარიღი ეგზემპლარის სახეობა საჯარო შენიშვნა Uniform Resource Identifier
          ბათუმის შოთა რუსთაველის სახელმწიფო უნივერსიტეტის მთავარი ბიბლიოთეკა ბათუმის შოთა რუსთაველის სახელმწიფო უნივერსიტეტის მთავარი ბიბლიოთეკა წიგნსაცავი 2018-12-17 3.00 94(479.223) მ-58 26792 2018-12-17 26792 2018-12-17 წიგნი 3.00 ₾.  
          ბათუმის შოთა რუსთაველის სახელმწიფო უნივერსიტეტის მთავარი ბიბლიოთეკა ბათუმის შოთა რუსთაველის სახელმწიფო უნივერსიტეტის მთავარი ბიბლიოთეკა წიგნსაცავი 2025-02-10 3.00 94(479.223) მ-58 70614 2025-02-10 70614 2025-02-10 წიგნი 3.00 ნაჩუქარი